000 00902cam a22002893a 4500
001 1350
003 PGUSA
005 20140828083000.0
008 040706s2004||||xxu|||||s|||||000 1 eng d
040 _aPGUSA
_beng
042 _adc
050 4 _aPQ
100 1 _aBalzac, Honoré de,
_d1799-1850
245 1 4 _aThe Country Doctor
_h[electronic resource] /
_cHonoré de Balzac
260 _bProject Gutenberg,
_c2004
506 _aPublic domain in the USA.
516 _aElectronic text
653 _aPhysicians -- Fiction
653 _aFrench fiction -- Translations into English
653 _aNapoleonic Wars, 1800-1815 -- Fiction
653 _aFrance -- History -- Consulate and First Empire, 1799-1815 -- Fiction
700 1 _aMarriage, Ellen
700 1 _aBell, Clara,
_d1834-1927
830 0 _aProject Gutenberg
_v1350
856 4 0 _uhttp://www.gutenberg.org/ebooks/1350
942 _cEB
999 _c230698
_d230698